000 00856nam a2200253 i 4500
001 59399
003 ES-MaACL
005 20250901105431.0
007 t|
008 031029s1946 mx |||| | spa d
100 1 _aEllsworth, P. T.
_947060
245 1 0 _aComercio internacional /
_cP.T. Ellsworth ; versión española de Javier Márquez y Victor L. Urquidi.
250 _a2ª ed. en español.
260 _aMéxico :
_bFondo de Cultura Económica,
_c1946 (
_fGráf. Panamericana)
300 _a792 p. ;
_c24 cm.
490 1 _aSección de obras de economía
650 0 7 _aComercio exterior
_2embne
_911168
650 0 4 _aEconomía internacional.
_912028
700 1 _aMárquez, Javier.
_977005
700 1 _aUrquidi, Víctor L.
_9112203
830 0 _aSección de obras de economía
_9179924
852 _aES-MaACL
_jF-5148
999 _c59399
_d59399